=LDR 00000nam 2200000 4500 =001 INLIS000000000019525 =005 20130612114556 =008 ***********************************Ind** =035 ##$$0010-061300000019525 =041 ##$$a Ind =082 ##$$a 2x4.3 =090 ##$$a 2x4.3, Mah a =100 ##$$a Agar selalu disayang istri, Ala Mahjub ; penerjemah, H. Abdul Shomad =245 ##$$a Agar selalu disayang istri, Ala Mahjub ; penerjemah, H. Abdul Shomad =260 ##$$a 2006 $b Jakarta =300 ##$$a 169 hlm, 21 cm =650 ##$$a Hukum Perkawinan =850 ##$$a NBPNMAT